Emerging Trends in Teaching of Computer Sciences (Record no. 20283)

MARC details
000 -LEADER
fixed length control field 00344nam a22001337a 4500
008 - FIXED-LENGTH DATA ELEMENTS--GENERAL INFORMATION
fixed length control field 230929b |||||||| |||| 00| 0 eng d
082 ## - DEWEY DECIMAL CLASSIFICATION NUMBER
Classification number 105.32
100 ## - MAIN ENTRY--AUTHOR NAME
Personal name T.N. Ratho
245 ## - TITLE STATEMENT
Title Emerging Trends in Teaching of Computer Sciences
Statement of responsibility, etc T.N. Ratho
260 ## - PUBLICATION, DISTRIBUTION, ETC. (IMPRINT)
Place of publication Delhi
Name of publisher Kanishka
Year of publication 1995
300 ## - PHYSICAL DESCRIPTION
Number of Pages 375
796 ## - LOCAL ADDED ENTRY--PERSONAL NAME (RLIN)
Personal name T.N. Ratho
942 ## - ADDED ENTRY ELEMENTS (KOHA)
Source of classification or shelving scheme Dewey Decimal Classification
Koha item type Books
Holdings
Accession Number Source of acquisition Price effective from Koha item type Withdrawn / writtenoff status Damaged status Not for loan Permanent Location Current Location Shelving location Date acquired Lost/ Missing status department
bb 1354 Donated 09/29/2023 Books       MIET Library, Jammu MIET Library, Jammu BL-Academic Block B, FL-2, CUP-194, SH1, R-1 09/29/2023   BB